00527nam a22001697a 4500016001200000020001500012041000600027082001400033100000600047245004600053260007400099300002200173365001000195650002400205650004300229700008500272 a080 PRA a9558048003 h1 a080 bPRA a- aප්‍රඥා ප්‍රභා - 8 bමාතර aසාසන සේවක සමිතිය c1998 axiv, 99p. c21cm  b50.00 aGeneral Collections aසාමාන්‍ය එකතු  aශ්‍රී සුගත ශිෂ්‍ය සංසදය eසංස්: